JR東日本 ATOS連動放送で聞ける定期行先 - Statistics

General Stats
  • This quiz has been taken 560 times
    546 since last reset
  • The average score is 165 of 203
Answer Stats
路線名 駅名 % Correct
中央線 | 京葉線 | 東海道本線 | +3 others 東京
100%
新宿
98%
八王子
98%
立川
96%
中野
95%
三鷹
95%
高尾
95%
品川
95%
篠ノ井線 松本
94%
山手線 大崎
94%
上野
94%
御茶ノ水
93%
京浜東北線 大宮
93%
大船
93%
千葉
93%
成田線 成田
93%
大月
92%
西船橋
92%
仙台
92%
国分寺
91%
甲府
91%
信越本線 長野
91%
池袋
91%
熱海
91%
武蔵小金井
90%
豊田
90%
赤羽
90%
東神奈川
90%
小田原
90%
伊東線 伊東
90%
水戸
90%
宇都宮
90%
高崎
90%
蒲田
89%
鶴見
89%
根岸線 桜木町
89%
久里浜
89%
国府津
89%
我孫子
89%
日光
89%
富士急行線 河口湖
88%
南浦和
88%
横須賀
88%
銚子
88%
成田空港
88%
鹿島線 鹿島神宮
88%
沼津
88%
取手
88%
新木場
88%
蘇我
88%
青梅
88%
磯子
87%
逗子
87%
津田沼
87%
久留里線 久留里
87%
平塚
87%
伊豆急行線 伊豆急下田
87%
いわき
87%
黒磯
87%
埼京・川越線 川越
87%
東葉高速線 東葉勝田台
86%
成東
86%
木更津
86%
安房鴨川
86%
上総一ノ宮
86%
御殿場
86%
土浦
86%
| 相鉄本線 海老名
86%
三島
85%
山陰本線 出雲市
85%
松戸
85%
勝田
85%
代々木上原
85%
小金井
85%
東武日光線 東武日光
85%
川崎
85%
武蔵野線 府中本町
85%
橋本
85%
海浜幕張
85%
佐倉
84%
君津
84%
予讃線 高松
84%
84%
烏山線 烏山
84%
籠原
84%
五日市線 武蔵五日市
84%
高麗川
84%
東十条
83%
東金線 東金
83%
奥多摩
83%
館山
82%
東武鬼怒川線 鬼怒川温泉
82%
仙台空港アクセス線 仙台空港
82%
大糸線 南小谷
81%
古河
81%
福島
81%
仙石線 石巻
81%
相模線 茅ヶ崎
81%
拝島
81%
小淵沢
80%
勝浦
80%
友部
80%
両毛線 前橋
80%
竜王
79%
武蔵浦和
79%
伊豆箱根鉄道駿豆線 修善寺
78%
郡山
78%
山形
78%
上越線 新前橋
78%
南船橋
78%
原ノ町
77%
新習志野
77%
大網
76%
静岡
76%
高萩
76%
東京メトロ千代田線 北千住
76%
東北本線 新白河
76%
東所沢
76%
上総亀山
75%
登戸
75%
町田
75%
地下鉄東西線 東陽町
74%
四街道
74%
りんかい線 東京テレポート
74%
浜川崎
72%
塩山
71%
本厚木
71%
白石
71%
向ヶ丘遊園
70%
本庄
70%
武蔵中原
70%
韮崎
69%
妙典
69%
茂原
69%
吾妻線 長野原草津口
69%
武蔵溝ノ口
69%
佐原
68%
小田急小田原線 成城学園前
68%
伊勢原
68%
岩沼
68%
一ノ関
68%
鴻巣
68%
内房線 姉ヶ崎
67%
外房線 誉田
67%
相模大野
67%
河辺
67%
小牛田
66%
上総湊
65%
桐生
65%
仙山線 愛子
63%
八高線 箱根ヶ崎
63%
八街
62%
御殿場線 山北
62%
日光線 鹿沼
62%
稲城長沼
62%
大原
61%
明治神宮前
61%
南越谷
61%
利府
60%
水戸線 下館
59%
霞ケ関
58%
石巻線 女川
58%
松島
55%
千倉
53%
横芝
46%
作並
40%
山下
37%
大河原
37%
新地
36%
石越
36%
阿武隈急行線 梁川
32%
No matching quizzes found
Score Distribution
Percent of People with Each Score
Percentile by Number Answered
Your Score History
You have not taken this quiz since the last reset